000 00294nam a22001337a 4500
008 170131b xxu||||| |||| 00| 0 eng d
020 _a2900135133957
041 _aeng
080 _a61
100 _a3
101 _aSHM
245 _aMEDICAL TERMINOLOGY COMPLETE
_cWINGERD, B
942 _2udc
_cBK
999 _c4116
_d4116